| 000 | 00551nam a2200169 i 4500 | ||
|---|---|---|---|
| 001 | 57988 | ||
| 003 | ES-MaACL | ||
| 005 | 20230906163711.0 | ||
| 007 | t| | ||
| 008 | 031020s1958 cl ||||1| spa d | ||
| 100 | 1 |
_aDoussinague y Teixidor, José María. _945516 |
|
| 245 | 1 | 0 |
_aGenealogía de la Ciudad de Cañete / _cJosé María Doussinague Teixidor. |
| 260 |
_aSantiago de Chile : _b[s.n.], _c1958 ( _fImp. O. W. Bruna) |
||
| 300 |
_a42 p. ; _c26 cm. |
||
| 651 | 4 |
_aCañete (Chile)- _xGenealogía. _9157556 |
|
| 852 |
_aES-MaACL _j2001-F-25 _bR.42791 |
||
| 999 |
_c57988 _d57988 |
||